| 000 | 00464nam a2200169Ia 4500 | ||
|---|---|---|---|
| 005 | 20250521120535.0 | ||
| 008 | 231217s9999 xx 000 0 und d | ||
| 020 | _a9781441902603 | ||
| 082 | _a621.395 XAN;1 R | ||
| 100 | _aXanthopoulos, Thucydides ed. | ||
| 245 | 0 | _aClocking in modern VLSI systems | |
| 260 |
_c2009 _bSpinger _aNew York |
||
| 300 | _axxi, 320 | ||
| 400 | _aSeries on integrated circuits and systems | ||
| 650 | _aClocking | ||
| 942 | _cAA | ||
| 999 |
_c192979 _d192979 |
||